Quiz Ultime Maillots Football 2024-2025 - Statistiques

Statistiques générales
  • Ce quiz a été pris 353 fois
    351 depuis la dernière actualisation
  • Le résultat moyen est 53 sur 95
Statistiques - réponses
Par images Réponse % Correct
Borussia Dortmund
96%
Olympique de Marseille
96%
Juventus FC
93%
Le Havre AC
90%
Liverpool FC
90%
Real Betis
90%
Manchester City
88%
ACF Fiorentina
87%
FC Barcelona
87%
Paris Saint-Germain
87%
Stade Brestois 29
84%
Arsenal FC
83%
LOSC Lille
83%
Olympique Lyonnais
83%
West Ham United Fc
83%
AC Milan
81%
AS Monaco
81%
Atlético Madrid
81%
Bayern Munich
81%
RB Leipzig
81%
Real Madrid
81%
Stade Rennais FC
81%
Tottenham Hotspur
81%
Inter Milan
79%
Chelsea FC
78%
RC Lens
78%
FC Nantes
77%
OGC Nice
77%
Aston Villa
76%
RC Strasbourg
76%
SSC Napoli
76%
Atalanta BC
75%
Crystal Palace
74%
AS Saint-Étienne
73%
Bayer 04 Leverkusen
71%
Montpellier HSC
71%
Toulouse FC
70%
Manchester United
69%
Eintracht Frankfurt
67%
AS Roma
66%
Real Sociedad
66%
Sevilla FC
66%
Villarreal CF
64%
Celta Vigo
63%
Brighton & Hove Albion
62%
AFC Bournemouth
61%
Athletic Club
61%
Newcastle United
60%
Stade de Reims
60%
Genoa CFC
58%
Girona FC
58%
AJ Auxerre
56%
Union Berlin
56%
VfB Stuttgart
56%
SS Lazio
55%
Udinese Calcio
55%
Valencia CF
53%
Everton FC
52%
Torino FC
50%
Como 1907
48%
VfL Wolfsburg
48%
Bologna FC
47%
Brentford FC
47%
Wolverhampton Wanderers
47%
UD Las Palmas
43%
Venezia FC
43%
Rayo Vallecano
41%
RDC Mallorca
38%
Real Valladolid
38%
Leicester City
36%
Getafe CF
32%
TSG 1899 Hoffenheim
31%
Hellas Verona
30%
US Lecce
28%
AC Monza
27%
Borussia Mönchengladbach
26%
Ipswich Town FC
26%
Southampton FC
26%
Cagliari Calcio
25%
1. FSV Mainz 05
23%
FC Augsburg
23%
CA Osasuna
21%
FC St. Pauli
21%
Parma Calcio
21%
RCD Espanyol
21%
SC Freiburg
21%
Werder Bremen
21%
Nottingham Forest
20%
Deportivo Alavés
16%
1. FC Heidenheim
15%
CD Leganés
14%
Fulham FC
14%
VfL Bochum
13%
Empoli FC
11%
Holstein Kiel
10%
Aucun quiz correspondant
Distribution des résultats
% des personnes avec chaque résultat
Percentile par nombre de réponses
Votre historique - résultats
Vous n’avez pas pris ce quiz depuis la dernière actualisation